|
|
|
|
| LEADER |
02046nam a2200541 i 4500 |
| 001 |
nkc20243628123 |
| 003 |
CZ PrNK |
| 005 |
20250521104416.0 |
| 007 |
ta |
| 008 |
240828t20232023xr a f f 000 0 cze |
| 015 |
|
|
|a cnb003628123
|
| 020 |
|
|
|a 978-80-88638-09-4
|q (brožováno)
|
| 035 |
|
|
|a (OCoLC)1523000404
|
| 040 |
|
|
|a OLA001
|b cze
|d ABA001
|e rda
|
| 041 |
1 |
|
|a cze
|h slo
|
| 072 |
|
7 |
|a 373.2/.3
|x Předškolní a primární výchova a vzdělávání
|2 Konspekt
|9 22
|
| 080 |
|
|
|a 37.015.31:004
|2 MRF
|
| 080 |
|
|
|a 007+004
|2 MRF
|
| 080 |
|
|
|a 159.955:[007+004]
|2 MRF
|
| 080 |
|
|
|a 373.3.016
|2 MRF
|
| 080 |
|
|
|a (072)
|2 MRF
|
| 100 |
1 |
|
|a Kalaš, Ivan,
|d 1957-
|7 mzk2006324103
|4 aut
|
| 245 |
1 |
0 |
|a Digitální kompetence v Živém sešitě :
|b metodická příručka pro 3.-5. ročník ZŠ /
|c autoři Ivan Kalaš, Andrej Blaho, Milan Moravčík ; překlad Kateřina Kovaljová
|
| 264 |
|
1 |
|a Žďár nad Sázavou :
|b H-edu,
|c [2023]
|
| 264 |
|
4 |
|c ©2023
|
| 300 |
|
|
|a 60 stran :
|b barevné ilustrace ;
|c 30 cm
|
| 336 |
|
|
|a text
|b txt
|2 rdacontent
|
| 337 |
|
|
|a bez média
|b n
|2 rdamedia
|
| 338 |
|
|
|a svazek
|b nc
|2 rdacarrier
|
| 500 |
|
|
|a Přeloženo ze slovenštiny
|
| 650 |
0 |
7 |
|a ICT gramotnost
|7 ph816330
|2 czenas
|
| 650 |
0 |
7 |
|a informatika
|7 ph137095
|2 czenas
|
| 650 |
0 |
7 |
|a informatické myšlení
|7 ph1097095
|2 czenas
|
| 650 |
0 |
7 |
|a učivo základních škol
|7 ph136701
|2 czenas
|
| 650 |
0 |
9 |
|a ICT literacy
|2 eczenas
|
| 650 |
0 |
9 |
|a informatics
|2 eczenas
|
| 650 |
0 |
9 |
|a computational thinking
|2 eczenas
|
| 650 |
0 |
9 |
|a elementary school curriculum
|2 eczenas
|
| 655 |
|
7 |
|a metodické příručky
|7 fd132826
|2 czenas
|
| 655 |
|
9 |
|a methodological manuals
|2 eczenas
|
| 700 |
1 |
|
|a Blaho, Andrej,
|d 1957-
|7 ola2002107838
|4 aut
|
| 700 |
1 |
|
|a Moravčík, Milan,
|d 1982-
|7 mzk20241230844
|4 aut
|
| 700 |
1 |
|
|a Kovaljová, Kateřina,
|d 1981-
|7 jo20231192462
|4 trl
|
| 910 |
2 |
|
|a BOA001
|b 4-1544.336
|
| 990 |
|
|
|a BK
|
| 995 |
|
|
|a 01
|
| 991 |
|
|
|b 202505
|c NOV
|
| 996 |
6 |
|
|b 2611003477
|c 4-1544.336
|l MZK
|r Sklad / do 1 hodiny
|n 0
|p p.v.
|w 002004895
|u 000010
|a 1
|e BOA001
|j MZK50
|s P
|